000 00682nam a2200193 a 4500
008 110928s1987 ||||||||||||||||| || u
020 _a1850703337
050 _aR 121 Fir
100 _aWhitworth, J. A
245 1 0 _aDictionary of medical eponyms
260 _aPark Ridge, N.J.:
_bThe Parthenon Publishing Group
_c1987
300 _avii, 591p.: ill.
350 _a0.00
650 _aEMPONYMS--DICTIONARIES
650 _aMEDICINE
650 _aMEDICINE--DICTIONARIES
700 _aFirkin, Barry G
995 _aMICHAEL CHILUFYA SATA OPEN ACCESS
_D0.00
_e901384
_FCBU-SCHOOL OF MEDICINE LIBRARY (Ndola)
_H1
_I0.00
_jR 121 FIR
_M1
_UREFERENCE
_WOct 19, 2011
_y901384
_ZReference Collection
999 _c31269
_d31269